Central Library OPAC University of Rajshahi

From Euclid to Eddington : (Record no. 50672)

MARC details
000 -LEADER
fixed length control field 00906nam a2200241 a 4500
001 - CONTROL NUMBER
control field 50672
003 - CONTROL NUMBER IDENTIFIER
rucl marc code BD-RjUL
005 - DATE AND TIME OF LATEST TRANSACTION
control field 20211209075539.0
008 - FIXED-LENGTH DATA ELEMENTS--GENERAL INFORMATION
fixed length control field 160828s1958 us 001 0 eng d
035 ## - SYSTEM CONTROL NUMBER
System control number (BD-RjUL)50792
040 ## - CATALOGING SOURCE
Original cataloging agency PLF
Transcribing agency PLF
Modifying agency EUX
-- BD-RjUL
Language of cataloging eng
041 ## - LANGUAGE CODE
Language code of text/sound track or separate title eng
082 ## - DEWEY DECIMAL CLASSIFICATION NUMBER
Edition number 23
Classification number 501
Author mark and year WHF 1958
100 1# - MAIN ENTRY--PERSONAL NAME
Personal name Whittaker, E. T.
Fuller form of name (Edmund Taylor),
Dates associated with a name 1873-1956.
9 (RLIN) 151723
245 10 - TITLE STATEMENT
Title From Euclid to Eddington :
Remainder of title a study of conceptions of the external world /
Statement of responsibility, etc. by Sir Edmund Whittaker
250 ## - EDITION STATEMENT
Edition statement New Dover ed.
260 ## - PUBLICATION, DISTRIBUTION, ETC. (IMPRINT)
Place of publication, distribution, etc. New York :
Name of publisher, distributor, etc. Dover publication,
Date of publication, distribution, etc. 1958
300 ## - PHYSICAL DESCRIPTION
Pagination 212 p. :
Illustrations ill. ;
Size 21 cm.
500 ## - GENERAL NOTE
General note "This new Dover edition... is an unnaltered republication of the first edition. It is published through special arrangment with Cambridge University Press."
650 #0 - SUBJECT ADDED ENTRY--TOPICAL TERM
Topical term or geographic name as entry element Science
General subdivision Philosophy
9 (RLIN) 151724
830 #0 - SERIES ADDED ENTRY--UNIFORM TITLE
Uniform title Tarner lectures ;
Volume number/sequential designation 1947
942 ## - ADDED ENTRY ELEMENTS (KOHA)
Source of classification or shelving scheme Dewey Decimal Classification
Koha item type Books
Holdings
Lost status Source of classification or shelving scheme Damaged status Not for loan Collection code Permanent Location Current Location Shelving location Date acquired Source of acquisition Cost, normal purchase price Total Checkouts Full call number Date last seen Copy number Koha item type
  Dewey Decimal Classification     Non-fiction Central Library, University of Rajshahi Central Library, University of Rajshahi   15/11/1965 Zeit 11.00   501 WHF 1958 28/08/2016 C-2 Books